000 01109nam a2200385 a 4500
001 vtls000013700
003 NLI
005 20210601181531.0
008 101125s1963 enk 000 0 eng
020 _c£ 42.00
039 9 _y201011250107
_zVLOAD
040 0 _aNLI
_beng
_cVERGIS-2003
041 0 _aeng
044 _aenk
082 0 4 _a628.34
100 1 _aHawkes, H.A.
_qHerbert Aubrey
_951734
245 1 4 _aThe ecology of waste water treatment/
_cH.A. Hawkes
260 _aOxford:
_bPrgamon Press,
_cc1963
300 _aix, 203 p.:
_bill.;
_c23 cm.
500 _aIncludes index
504 _aBibliography: p. 185-194
650 0 _aSewage disposal
_93285
650 0 _aSewage
_xPurification
_xBiological treatment
_951735
650 0 _aSewerage
_949092
650 0 _aSewage
_xPurification
_xoxidation
_951736
887 _aSivankalai S.
901 _a366315
_b05/09/1964
902 _aE 628.34 H 313
903 _a03/03/2004
904 _aSivankalai S.
906 _a012637
949 _AVIRTUAITEM
_D10000
_F1
_X100
_6PUR000366315ENG
_aE 628.34 H313
942 _2ddc
_cBKS
999 _c19037
_d19037